[Event "72. Corus Chess 2010 GM-B"]
[Site "Wijk aan Zee NED"]
[Date "2010.01.21"]
[Round "5.1"]
[White "Nyback, Tomi"]
[Black "L'Ami, Erwin"]
[Result "1/2-1/2"]
[WhiteElo "2643"]
[BlackElo "2615"]
[PlyCount "65"]
[EventDate "2010.01.16"]
[EventType "tourn"]
[EventRounds "13"]
[EventCountry "NED"]
[EventCategory "16"]
[Source "lmi"]
[SourceDate "2010.01.16"]

1. d4 Nf6 2. c4 e6 3. Nf3 d5 4. g3 dxc4 5. Bg2 c5 6. O-O Nc6 7. Qa4 Bd7 8. Qxc4
cxd4 9. Nxd4 Rc8 10. Nc3 Nxd4 11. Qxd4 Bc5 12. Qh4 O-O 13. Bxb7 Rb8 14. Bf3 Rb4
15. Qg5 Bd4 16. Qd2 Qc7 17. a3 Rc4 18. Qd3 Bxc3 19. bxc3 Rxc3 20. Qd1 Bc6 21.
Bb2 Rc4 22. Bxc6 Qxc6 23. Rc1 Rxc1 24. Qxc1 Qb5 25. Qc2 Nd5 26. Rc1 h6 27. Bd4
Nb6 28. Qe4 Rd8 29. Rc7 Qa4 30. e3 Qxa3 31. Qb7 Rf8 32. Qf3 Qd6 33. Rxa7
1/2-1/2

[Event "72. Corus Chess 2010 GM-B"]
[Site "Wijk aan Zee NED"]
[Date "2010.01.14"]
[Round "5.2"]
[White "Giri, Anish"]
[Black "Sutovsky, Emil"]
[Result "1-0"]
[WhiteElo "2588"]
[BlackElo "2657"]
[PlyCount "75"]
[EventDate "2010.01.16"]
[EventType "tourn"]
[EventRounds "13"]
[EventCountry "NED"]
[EventCategory "16"]
[Source "lmi"]
[SourceDate "2010.01.16"]

1. d4 Nf6 2. c4 g6 3. Nc3 d5 4. cxd5 Nxd5 5. e4 Nxc3 6. bxc3 Bg7 7. Nf3 c5 8.
Be3 Qa5 9. Qd2 Nc6 10. Rb1 a6 11. Rc1 cxd4 12. cxd4 Qxd2+ 13. Kxd2 f5 14. e5
Be6 15. Bc4 Bxc4 16. Rxc4 O-O 17. Ke2 Rad8 18. Rb1 Rd5 19. a4 Rfd8 20. g3 h6
21. h4 Na5 22. Rc7 R5d7 23. Rc5 Rd5 24. Rxd5 Rxd5 25. Rb6 Kf7 26. Bd2 Bf8 27.
Bc3 e6 28. Ne1 Be7 29. Nc2 Bd8 30. Bxa5 Rxa5 31. Rxb7+ Ke8 32. Rb4 Rd5 33. Rc4
Rd7 34. Rc6 Kf7 35. Rxa6 Rb7 36. a5 Rb2 37. Kd3 Ra2 38. Ra7+ 1-0

[Event "72. Corus Chess 2010 GM-B"]
[Site "Wijk aan Zee NED"]
[Date "2010.01.21"]
[Round "5.3"]
[White "Howell, David W L"]
[Black "Ni, Hua"]
[Result "1-0"]
[WhiteElo "2606"]
[BlackElo "2657"]
[PlyCount "111"]
[EventDate "2010.01.16"]
[EventType "tourn"]
[EventRounds "13"]
[EventCountry "NED"]
[EventCategory "16"]
[Source "lmi"]
[SourceDate "2010.01.16"]

1. e4 c6 2. Ne2 d5 3. e5 c5 4. d4 Nc6 5. c3 e6 6. Nd2 Bd7 7. Nf3 Qb6 8. g3 Rc8
9. Bg2 cxd4 10. Nexd4 Nxd4 11. Nxd4 Bc5 12. O-O Ne7 13. Nb3 O-O 14. Nxc5 Qxc5
15. Be3 Qc7 16. f4 a5 17. a3 Bb5 18. Rf2 Nf5 19. Bd4 Nxd4 20. cxd4 Qb6 21. Qb3
a4 22. Qe3 g6 23. g4 Bd7 24. Rd1 Rc7 25. h4 Rfc8 26. Rdd2 Qb3 27. Rd3 Qc4 28.
Rc3 Qa2 29. Rxc7 Rxc7 30. Kh2 Qb1 31. Qd2 Qc1 32. Qa5 Rc8 33. Qb4 Bc6 34. h5
Qc4 35. Qd2 Bd7 36. Rf3 gxh5 37. gxh5 Kh8 38. Rc3 Qb5 39. f5 Rg8 40. Rg3 Rxg3
41. Kxg3 exf5 42. Qg5 Qd3+ 43. Bf3 Qxd4 44. Qd8+ Be8 45. Qxe8+ Kg7 46. Qe7 Qg1+
47. Kh3 Qf1+ 48. Bg2 Qd3+ 49. Kh2 Qd2 50. Qf6+ Kg8 51. Qxf5 Qxb2 52. Qg5+ Kf8
53. Qd8+ Kg7 54. h6+ Kxh6 55. Qf6+ Kh5 56. Kg3 1-0

[Event "72. Corus Chess 2010 GM-B"]
[Site "Wijk aan Zee NED"]
[Date "2010.01.21"]
[Round "5.4"]
[White "Muzychuk, Anna"]
[Black "Reinderman, Dimitri"]
[Result "1/2-1/2"]
[WhiteElo "2523"]
[BlackElo "2573"]
[PlyCount "71"]
[EventDate "2010.01.16"]
[EventType "tourn"]
[EventRounds "13"]
[EventCountry "NED"]
[EventCategory "16"]
[Source "lmi"]
[SourceDate "2010.01.16"]

1. e4 Nf6 2. e5 Nd5 3. d4 d6 4. Nf3 g6 5. Bc4 Nb6 6. Bb3 Bg7 7. Ng5 e6 8. Qf3
O-O 9. Qh3 h6 10. Nf3 dxe5 11. dxe5 Nc6 12. Bxh6 Nxe5 13. Bxg7 Nxf3+ 14. Qxf3
Kxg7 15. Nd2 Qf6 16. O-O-O a5 17. a3 a4 18. Ba2 Ra5 19. Qxf6+ Kxf6 20. f4 Bd7
21. Ne4+ Ke7 22. h4 Nc8 23. Ng5 Nd6 24. g4 Rh8 25. c3 Bc6 26. Rh3 Ne8 27. Re1
Bd5 28. Bb1 Nd6 29. h5 gxh5 30. Rxh5 Raa8 31. Nxe6 Bxe6 32. f5 Rxh5 33. gxh5
Rh8 34. fxe6 Rxh5 35. exf7+ Kxf7 36. Bc2 1/2-1/2

[Event "72. Corus Chess 2010 GM-B"]
[Site "Wijk aan Zee NED"]
[Date "2010.01.21"]
[Round "5.5"]
[White "Naiditsch, Arkadij"]
[Black "Nisipeanu, Liviu-Dieter"]
[Result "1-0"]
[WhiteElo "2687"]
[BlackElo "2681"]
[PlyCount "75"]
[EventDate "2010.01.16"]
[EventType "tourn"]
[EventRounds "13"]
[EventCountry "NED"]
[EventCategory "16"]
[Source "lmi"]
[SourceDate "2010.01.16"]

1. e4 c6 2. d4 d5 3. exd5 cxd5 4. c4 Nf6 5. Nc3 e6 6. Nf3 Bb4 7. cxd5 Nxd5 8.
Qc2 Nc6 9. a3 Be7 10. Bd3 h6 11. O-O O-O 12. Qe2 Qd6 13. Bc2 Bd7 14. Qd3 f5 15.
Nxd5 exd5 16. g3 g5 17. Bd2 Bf6 18. h4 gxh4 19. Bf4 Qe7 20. Bxh6 Rfe8 21. gxh4
Qe4 22. Qd1 Qg4+ 23. Kh2 Kh8 24. Rg1 Qh5 25. Bg5 Bg7 26. Rg3 f4 27. Rg2 Bg4 28.
Bg6 Qxg6 29. Rxg4 Re4 30. Qd3 Qe6 31. Rag1 Nxd4 32. Bxf4 Rxf4 33. Rxf4 Qd6 34.
Rgg4 Nxf3+ 35. Qxf3 Be5 36. Kh3 Bxf4 37. Rxf4 Qe6+ 38. Rf5 1-0

[Event "72. Corus Chess 2010 GM-B"]
[Site "Wijk aan Zee NED"]
[Date "2010.01.22"]
[Round "6.1"]
[White "L'Ami, Erwin"]
[Black "Negi, Parimarjan"]
[Result "1-0"]
[WhiteElo "2615"]
[BlackElo "2621"]
[PlyCount "69"]
[EventDate "2010.01.16"]
[EventType "tourn"]
[EventRounds "13"]
[EventCountry "NED"]
[EventCategory "16"]
[Source "lmi"]
[SourceDate "2010.01.16"]

1. Nf3 Nf6 2. c4 g6 3. Nc3 d5 4. cxd5 Nxd5 5. h4 h6 6. e4 Nxc3 7. dxc3 Qxd1+ 8.
Kxd1 Nd7 9. Bf4 c6 10. Bc4 Bg7 11. Kc2 Nc5 12. Nd2 Be6 13. f3 b6 14. a4 Bxc4
15. Nxc4 O-O-O 16. h5 g5 17. Be5 Rhg8 18. Bxg7 Rxg7 19. Ne5 Rd6 20. b4 Nd7 21.
Ng4 Re6 22. a5 b5 23. Rad1 Ne5 24. Nxe5 Rxe5 25. Rd2 f5 26. Rhd1 e6 27. exf5
exf5 28. Rd6 c5 29. Rxh6 cxb4 30. Rc6+ Rc7 31. Rxc7+ Kxc7 32. cxb4 Re2+ 33. Kd3
Re6 34. Rc1+ Kd7 35. Rc5 1-0

[Event "72. Corus Chess 2010 GM-B"]
[Site "Wijk aan Zee NED"]
[Date "2010.01.22"]
[Round "6.4"]
[White "Reinderman, Dimitri"]
[Black "Naiditsch, Arkadij"]
[Result "1/2-1/2"]
[WhiteElo "2573"]
[BlackElo "2687"]
[PlyCount "154"]
[EventDate "2010.01.16"]
[EventType "tourn"]
[EventRounds "13"]
[EventCountry "NED"]
[EventCategory "16"]
[Source "lmi"]
[SourceDate "2010.01.16"]

1. c4 Nf6 2. Nc3 e6 3. e4 d5 4. e5 d4 5. exf6 dxc3 6. bxc3 Qxf6 7. d4 c5 8. Nf3
cxd4 9. Bg5 Qf5 10. cxd4 Bb4+ 11. Bd2 Nc6 12. Bxb4 Nxb4 13. Rb1 Qa5 14. Qd2 Nc6
15. Bd3 Rb8 16. Be4 Bd7 17. Ne5 Qxd2+ 18. Kxd2 Na5 19. Rb4 f6 20. Nxd7 Kxd7 21.
Rhb1 b6 22. c5 Kc7 23. Rc1 b5 24. Kc3 Nc6 25. Bxc6 Kxc6 26. a4 a6 27. Ra1 Ra8
28. Rb2 e5 29. dxe5 fxe5 30. Re2 Rhe8 31. axb5+ Kxb5 32. Rae1 Rac8 33. f4 Rxc5+
34. Kb3 Kc6 35. fxe5 Re6 36. Kb4 a5+ 37. Ka4 h5 38. Re4 g5 39. R1e2 Kd5 40.
R4e3 Kc6 41. Re4 Kd7 42. R4e3 Ke7 43. Rh3 h4 44. Rhe3 Rb6 45. Ka3 Rc1 46. g3
Ra1+ 47. Ra2 Rxa2+ 48. Kxa2 h3 49. g4 Rb4 50. Rxh3 Rxg4 51. Rh6 Rh4 52. Rg6
Rxh2+ 53. Kb3 Rg2 54. e6 Rg4 55. Ka3 Kd6 56. Kb3 Rb4+ 57. Ka3 g4 58. Ka2 a4 59.
Ka3 Re4 60. Ka2 Ke5 61. e7 Kf5 62. Rg7 Re3 63. Kb2 a3+ 64. Ka2 Kf4 65. Rf7+ Kg5
66. Rg7+ Kh5 67. Rf7 Kh6 68. Rf6+ Kg5 69. Rf7 Kh5 70. Rg7 Kh4 71. Rh7+ Kg3 72.
Rg7 Kh3 73. Rh7+ Kg2 74. Rg7 g3 75. Rf7 Kg1 76. Rg7 g2 77. Rh7 Kf2 1/2-1/2

[Event "72. Corus Chess 2010 GM-B"]
[Site "Wijk aan Zee NED"]
[Date "2010.01.22"]
[Round "6.5"]
[White "Ni, Hua"]
[Black "Muzychuk, Anna"]
[Result "1-0"]
[WhiteElo "2657"]
[BlackElo "2523"]
[PlyCount "95"]
[EventDate "2010.01.16"]
[EventType "tourn"]
[EventRounds "13"]
[EventCountry "NED"]
[EventCategory "16"]
[Source "lmi"]
[SourceDate "2010.01.16"]

1. e4 d5 2. exd5 Nf6 3. d4 Nxd5 4. Nf3 g6 5. c4 Nb6 6. a4 a5 7. Nc3 Bg7 8. c5
Nd5 9. Bc4 Nb4 10. O-O O-O 11. h3 b6 12. cxb6 cxb6 13. Bg5 Ba6 14. Nb5 Nd7 15.
Qb3 Nf6 16. Ne5 Nfd5 17. Rfe1 Bb7 18. Bd2 e6 19. Rac1 Rc8 20. Qg3 Qe7 21. h4 h6
22. Ng4 h5 23. Ne5 Bf6 24. Bh6 Rfd8 25. Nxg6 fxg6 26. Qxg6+ Kh8 27. Rxe6 Qxe6
28. Bg7+ Bxg7 29. Qxe6 Nd3 30. Nd6 Rxd6 31. Qxd6 Nxc1 32. Bxd5 Ne2+ 33. Kh2
Bxd5 34. Qxd5 Nxd4 35. Qxh5+ Kg8 36. Qd5+ Kh7 37. Qe4+ Kg8 38. h5 Rc6 39. f4
Re6 40. Qd5 Kh7 41. g4 Re2+ 42. Kh3 Re3+ 43. Kg2 Ne6 44. Qf5+ Kg8 45. g5 Nf8
46. Qd5+ Kh8 47. Qf7 Ne6 48. h6 1-0

[Event "72. Corus Chess 2010 GM-B"]
[Site "Wijk aan Zee NED"]
[Date "2010.01.22"]
[Round "6.7"]
[White "Nyback, Tomi"]
[Black "Giri, Anish"]
[Result "0-1"]
[WhiteElo "2643"]
[BlackElo "2588"]
[PlyCount "74"]
[EventDate "2010.01.16"]
[EventType "tourn"]
[EventRounds "13"]
[EventCountry "NED"]
[EventCategory "16"]
[Source "lmi"]
[SourceDate "2010.01.16"]

1. d4 d5 2. c4 c6 3. Nf3 Nf6 4. e3 Bf5 5. Nc3 e6 6. Nh4 Be4 7. f3 Bg6 8. Qb3
Qc7 9. Bd2 Nbd7 10. cxd5 Nxd5 11. Nxd5 exd5 12. Nxg6 hxg6 13. O-O-O Qb6 14. Qa4
a5 15. e4 dxe4 16. fxe4 Bb4 17. Bg5 Be7 18. Bxe7 Kxe7 19. Qa3+ Qb4 20. Qe3 c5
21. d5 Kd6 22. a3 Qa4 23. Rd3 b5 24. Rc3 Rhc8 25. Be2 Ne5 26. Kd2 b4 27. Rc2
bxa3 28. bxa3 Rab8 29. Rhc1 c4 30. Rc3 Rb2+ 31. R1c2 Qb5 32. Rxb2 Qxb2+ 33. Rc2
Qb1 34. Qc3 Rc5 35. g3 f5 36. Rb2 Qxe4 37. Kc1 Nd3+ 0-1

[Event "72. Corus Chess 2010 GM-B"]
[Site "Wijk aan Zee NED"]
[Date "2010.01.23"]
[Round "7.1"]
[White "Giri, Anish"]
[Black "L'Ami, Erwin"]
[Result "1/2-1/2"]
[WhiteElo "2588"]
[BlackElo "2615"]
[PlyCount "121"]
[EventDate "2010.01.16"]
[EventType "tourn"]
[EventRounds "13"]
[EventCountry "NED"]
[EventCategory "16"]
[Source "lmi"]
[SourceDate "2010.01.16"]

1. d4 Nf6 2. c4 e6 3. g3 d5 4. Nf3 dxc4 5. Bg2 c5 6. O-O Nc6 7. dxc5 Qxd1 8.
Rxd1 Bxc5 9. Nbd2 c3 10. bxc3 O-O 11. Ne1 Be7 12. Nc4 Rd8 13. Ba3 Bxa3 14. Nxa3
Rxd1 15. Rxd1 Bd7 16. Nd3 Be8 17. Nb5 Na5 18. Nd6 Rb8 19. Nc5 b6 20. Nxe8 Rxe8
21. Nb3 Nxb3 22. axb3 g5 23. c4 Rc8 24. Bb7 Rc7 25. Ba6 Nd7 26. Bb5 Nc5 27. b4
Nb7 28. Ba6 Kf8 29. Bxb7 Rxb7 30. c5 bxc5 31. bxc5 Ke7 32. Ra1 Kf6 33. Ra4 Ke5
34. e4 g4 35. h3 h5 36. hxg4 hxg4 37. Kg2 Rc7 38. Kf1 f6 39. Kg2 Rxc5 40. Rxa7
Kxe4 41. Ra2 e5 42. Ra4+ Kf5 43. Ra2 Rc3 44. Rb2 Rd3 45. Ra2 Ke4 46. Rb2 f5 47.
Re2+ Kd4 48. Ra2 Rc3 49. Rd2+ Ke4 50. Rd8 Rc2 51. Rf8 Rc5 52. Rd8 Rd5 53. Rf8
Rd2 54. Ra8 f4 55. gxf4 exf4 56. Re8+ Kd3 57. Rg8 g3 58. Rd8+ Ke2 59. Rxd2+
Kxd2 60. fxg3 fxg3 61. Kxg3 1/2-1/2

[Event "72. Corus Chess 2010 GM-B"]
[Site "Wijk aan Zee NED"]
[Date "2010.01.23"]
[Round "7.2"]
[White "Howell, David W L"]
[Black "Nyback, Tomi"]
[Result "1-0"]
[WhiteElo "2606"]
[BlackElo "2643"]
[PlyCount "45"]
[EventDate "2010.01.16"]
[EventType "tourn"]
[EventRounds "13"]
[EventCountry "NED"]
[EventCategory "16"]
[Source "lmi"]
[SourceDate "2010.01.16"]

1. e4 e5 2. Nf3 Nc6 3. d4 exd4 4. Nxd4 Bc5 5. Be3 Qf6 6. c3 Nge7 7. Bc4 Ne5 8.
Be2 Qg6 9. O-O d6 10. Kh1 O-O 11. Nd2 Ng4 12. Bf4 Nc6 13. f3 Nge5 14. Be3 Bb6
15. f4 Nxd4 16. cxd4 Nc6 17. f5 Qf6 18. e5 dxe5 19. Ne4 Qd8 20. Bc4 Na5 21. f6
Bxd4 22. fxg7 Kxg7 23. Bg5 1-0

[Event "72. Corus Chess 2010 GM-B"]
[Site "Wijk aan Zee NED"]
[Date "2010.01.23"]
[Round "7.4"]
[White "Naiditsch, Arkadij"]
[Black "Ni, Hua"]
[Result "1/2-1/2"]
[WhiteElo "2687"]
[BlackElo "2657"]
[PlyCount "103"]
[EventDate "2010.01.16"]
[EventType "tourn"]
[EventRounds "13"]
[EventCountry "NED"]
[EventCategory "16"]
[Source "lmi"]
[SourceDate "2010.01.16"]

1. c4 Nf6 2. Nc3 d5 3. cxd5 Nxd5 4. Nf3 g6 5. h4 h6 6. e4 Nxc3 7. dxc3 Qxd1+ 8.
Kxd1 Bg4 9. Kc2 Bxf3 10. gxf3 h5 11. f4 Nd7 12. f5 Bh6 13. fxg6 fxg6 14. Bxh6
Rxh6 15. Rg1 e6 16. f4 Ke7 17. Bh3 Nf6 18. Rae1 Kf7 19. Rg5 Re8 20. Kd3 Rhh8
21. Reg1 Rhg8 22. Ke3 Rd8 23. Re5 Rd6 24. f5 exf5 25. exf5 Nd5+ 26. Kf3 Ne7 27.
Rg5 Rd3+ 28. Re3 Rxe3+ 29. Kxe3 Rh8 30. Kf4 Rd8 31. Ke3 Rh8 32. Ke4 Kf6 33. c4
Re8 34. fxg6 Nf5+ 35. Kf4 Nxh4 36. Rxh5 Nxg6+ 37. Kg3 Re2 38. Rf5+ Ke7 39. Rf2
Re3+ 40. Kg4 Ne5+ 41. Kf4 Re1 42. Bf1 Ke6 43. b4 b6 44. Kg5 Re3 45. Kf4 Re1 46.
Kg5 Ke7 47. a3 Nc6 48. Re2+ Rxe2 49. Bxe2 a5 50. c5 bxc5 51. bxa5 Nxa5 52. Kf5
1/2-1/2

[Event "72. Corus Chess 2010 GM-B"]
[Site "Wijk aan Zee NED"]
[Date "2010.01.23"]
[Round "7.5"]
[White "So, Wesley"]
[Black "Reinderman, Dimitri"]
[Result "1-0"]
[WhiteElo "2656"]
[BlackElo "2573"]
[PlyCount "71"]
[EventDate "2010.01.16"]
[EventType "tourn"]
[EventRounds "13"]
[EventCountry "NED"]
[EventCategory "16"]
[Source "lmi"]
[SourceDate "2010.01.16"]

1. d4 f5 2. g3 Nf6 3. Bg2 e6 4. Nf3 d5 5. O-O Bd6 6. c4 c6 7. b3 Qe7 8. Bb2 b6
9. Nbd2 Bb7 10. Ne5 O-O 11. Rc1 a5 12. e3 Na6 13. Qe2 a4 14. bxa4 Bxe5 15. dxe5
Nd7 16. a5 Nac5 17. Bc3 bxa5 18. Nb3 Nxb3 19. axb3 Nc5 20. Qc2 Ne4 21. Bb2 a4
22. bxa4 Ba6 23. f3 Ng5 24. cxd5 Bxf1 25. d6 Qa7 26. Bd4 Qa6 27. Rxf1 c5 28.
Bxc5 Rfc8 29. Rc1 Rc6 30. h4 Rac8 31. d7 Rd8 32. hxg5 Rxd7 33. f4 Rc8 34. Bf1
Qb7 35. Bc4 Re8 36. Bb5 1-0

[Event "72. Corus Chess 2010 GM-B"]
[Site "Wijk aan Zee NED"]
[Date "2010.01.23"]
[Round "7.7"]
[White "Negi, Parimarjan"]
[Black "Harikrishna, Pentala"]
[Result "1/2-1/2"]
[WhiteElo "2621"]
[BlackElo "2672"]
[PlyCount "66"]
[EventDate "2010.01.16"]
[EventType "tourn"]
[EventRounds "13"]
[EventCountry "NED"]
[EventCategory "16"]
[Source "lmi"]
[SourceDate "2010.01.16"]

1. e4 c6 2. d4 d5 3. Nc3 dxe4 4. Nxe4 Nd7 5. Ng5 Ngf6 6. Bd3 e6 7. N1f3 Bd6 8.
Qe2 h6 9. Ne4 Nxe4 10. Qxe4 Qc7 11. O-O b6 12. Qg4 Bb7 13. Qxg7 Rf8 14. Re1
O-O-O 15. Kh1 Kb8 16. a4 Rg8 17. Qxf7 Rdf8 18. Qxe6 Nf6 19. Bxh6 Bc8 20. Qe2
Rf7 21. Ne5 Ng4 22. Nxg4 Bxg4 23. f3 Bc8 24. f4 Rh7 25. Bxh7 Qxh7 26. Qh5 Rg6
27. Re8 Rxh6 28. Qg4 Rxh2+ 29. Kg1 Rh1+ 30. Kf2 Qxc2+ 31. Ke3 Qb3+ 32. Ke4 Qc2+
33. Ke3 Qb3+ 1/2-1/2

[Event "72. Corus Chess 2010 GM-B"]
[Site "Wijk aan Zee NED"]
[Date "2010.01.24"]
[Round "8.2"]
[White "Nisipeanu, Liviu-Dieter"]
[Black "Negi, Parimarjan"]
[Result "1/2-1/2"]
[WhiteElo "2681"]
[BlackElo "2621"]
[PlyCount "47"]
[EventDate "2010.01.16"]
[EventType "tourn"]
[EventRounds "13"]
[EventCountry "NED"]
[EventCategory "16"]
[Source "lmi"]
[SourceDate "2010.01.16"]

1. e4 c5 2. Nf3 d6 3. d4 cxd4 4. Nxd4 Nf6 5. Nc3 a6 6. Be3 e5 7. Nde2 Be6 8. f4
Qc7 9. f5 Bc4 10. Ng3 Nbd7 11. a3 Rc8 12. Nh5 Qa5 13. Nxf6+ Nxf6 14. Bxc4 Rxc4
15. O-O Qc7 16. Qd3 Qc6 17. Rac1 Nxe4 18. Nd5 Nf6 19. b3 Re4 20. c4 Be7 21. Nb4
Qc8 22. Nd5 Qc6 23. Nb4 Qc8 24. Nd5 1/2-1/2

[Event "72. Corus Chess 2010 GM-B"]
[Site "Wijk aan Zee NED"]
[Date "2010.01.24"]
[Round "8.5"]
[White "Sutovsky, Emil"]
[Black "Naiditsch, Arkadij"]
[Result "1/2-1/2"]
[WhiteElo "2657"]
[BlackElo "2687"]
[PlyCount "98"]
[EventDate "2010.01.16"]
[EventType "tourn"]
[EventRounds "13"]
[EventCountry "NED"]
[EventCategory "16"]
[Source "lmi"]
[SourceDate "2010.01.16"]

1. e4 e5 2. Nf3 Nc6 3. Nc3 Nf6 4. Bb5 Nd4 5. Bc4 Bc5 6. Nxe5 Qe7 7. Nf3 d5 8.
Bxd5 Bg4 9. d3 Nd7 10. Be3 Ne5 11. Nxd4 Bxd1 12. Nf5 Qf6 13. Bxc5 Bxc2 14. O-O
c6 15. d4 Nd3 16. Nd6+ Kd7 17. e5 Qh4 18. g3 Qg4 19. f3 Qh3 20. Be4 Nxc5 21.
Bxc2 Ne6 22. Bf5 Qh5 23. d5 Kc7 24. g4 Qh6 25. dxe6 fxe6 26. Be4 Qf4 27. Nc4 h5
28. Ne2 Qg5 29. Nd4 Rh6 30. f4 Qxg4+ 31. Kh1 Rf8 32. Ne3 Qh4 33. Ng2 Qe7 34.
Rfd1 g5 35. Rac1 Rd8 36. Rd3 Qb4 37. Rcd1 gxf4 38. Nxf4 Re8 39. Bg6 Rxg6 40.
Nxg6 Qxb2 41. R3d2 Qa3 42. Nf4 Kb8 43. Nxh5 c5 44. Nf6 cxd4 45. Nxe8 Qf3+ 46.
Kg1 Qg4+ 47. Kf2 Qf4+ 48. Kg1 Qg4+ 49. Kf2 Qf4+ 1/2-1/2

[Event "72. Corus Chess 2010 GM-B"]
[Site "Wijk aan Zee NED"]
[Date "2010.01.24"]
[Round "8.6"]
[White "Nyback, Tomi"]
[Black "Muzychuk, Anna"]
[Result "1/2-1/2"]
[WhiteElo "2643"]
[BlackElo "2523"]
[PlyCount "85"]
[EventDate "2010.01.16"]
[EventType "tourn"]
[EventRounds "13"]
[EventCountry "NED"]
[EventCategory "16"]
[Source "lmi"]
[SourceDate "2010.01.16"]

1. d4 Nf6 2. c4 e6 3. Nf3 c5 4. d5 b5 5. dxe6 fxe6 6. cxb5 d5 7. Nc3 Nbd7 8. e4
d4 9. e5 Ng4 10. Ng5 Ndxe5 11. f4 Be7 12. fxe5 dxc3 13. Qxd8+ Bxd8 14. bxc3 O-O
15. Nf3 Ba5 16. Bd2 Bb7 17. Be2 Rad8 18. Rf1 Bxf3 19. Rxf3 Rxf3 20. Bxf3 Nxe5
21. Be2 Nd3+ 22. Bxd3 Rxd3 23. O-O-O c4 24. Kc2 Kf7 25. a4 e5 26. Re1 Ke6 27.
Re3 Rd7 28. Be1 Bb6 29. Re2 Rf7 30. Bg3 Rf5 31. Kd1 h5 32. Ke1 Kd5 33. Rd2+ Ke6
34. Bf2 Rf8 35. Re2 Bxf2+ 36. Rxf2 Rd8 37. Rb2 Rd3 38. a5 Kd7 39. b6 axb6 40.
axb6 Kc8 41. Rb5 Rxc3 42. Rxe5 Rc2 43. Rg5 1/2-1/2

[Event "72. Corus Chess 2010 GM-B"]
[Site "Wijk aan Zee NED"]
[Date "2010.01.24"]
[Round "8.7"]
[White "Giri, Anish"]
[Black "Howell, David W L"]
[Result "1-0"]
[WhiteElo "2588"]
[BlackElo "2606"]
[PlyCount "79"]
[EventDate "2010.01.16"]
[EventType "tourn"]
[EventRounds "13"]
[EventCountry "NED"]
[EventCategory "16"]
[Source "lmi"]
[SourceDate "2010.01.16"]

1. d4 Nf6 2. c4 g6 3. Nc3 d5 4. cxd5 Nxd5 5. e4 Nxc3 6. bxc3 Bg7 7. Nf3 c5 8.
Be3 Qa5 9. Qd2 O-O 10. Rc1 Rd8 11. d5 e6 12. Bg5 f6 13. Bf4 f5 14. Bc4 Qa4 15.
Qe2 b5 16. Bxb5 Qxe4 17. dxe6 Bxe6 18. Ng5 Qxe2+ 19. Kxe2 Bxa2 20. Ra1 Bf7 21.
Rhd1 Rc8 22. Nxf7 Kxf7 23. Bc4+ Ke8 24. Be6 Nc6 25. Ra6 Ne7 26. Bd7+ Kf8 27.
Bxc8 Rxc8 28. Rxa7 Bxc3 29. Bg5 Nc6 30. Rxh7 Be5 31. Rdd7 c4 32. Bf4 Bb2 33.
Rc7 Nd4+ 34. Kd2 Rxc7 35. Rxc7 c3+ 36. Kd3 Ne6 37. Bd6+ Kg8 38. Rc8+ Kf7 39.
Be5 Ba3 40. Kxc3 1-0

[Event "72. Corus Chess 2010 GM-B"]
[Site "Wijk aan Zee NED"]
[Date "2010.01.26"]
[Round "9.1"]
[White "Howell, David W L"]
[Black "L'Ami, Erwin"]
[Result "0-1"]
[WhiteElo "2606"]
[BlackElo "2615"]
[PlyCount "122"]
[EventDate "2010.01.16"]
[EventType "tourn"]
[EventRounds "13"]
[EventCountry "NED"]
[EventCategory "16"]
[Source "lmi"]
[SourceDate "2010.01.16"]

1. e4 e6 2. d4 d5 3. Nd2 Nf6 4. e5 Nfd7 5. f4 c5 6. c3 Nc6 7. Ndf3 Qb6 8. a3
Be7 9. h4 cxd4 10. cxd4 Na5 11. Rh3 Nb3 12. Rb1 Nxc1 13. Qxc1 Qa5+ 14. Nd2 Nb6
15. Rc3 O-O 16. Nb3 Qa4 17. Nf3 Qe8 18. Nc5 Na4 19. Rc2 Nxc5 20. dxc5 f6 21. g3
Bd7 22. Bd3 Bb5 23. Bxb5 Qxb5 24. Qe3 fxe5 25. Nxe5 Bf6 26. Kf2 Rac8 27. b4 a5
28. Kg2 Bxe5 29. Qxe5 Rc6 30. Rcb2 axb4 31. Rxb4 Qxc5 32. Rxb7 Qc2+ 33. Kh3 Qg6
34. Rd7 h5 35. Qg5 Kh7 36. Rbb7 Rg8 37. Ra7 Rc1 38. Qxg6+ Kxg6 39. a4 Kf5 40.
Rab7 Ra8 41. Rxg7 d4 42. Rg5+ Ke4 43. Rxh5 Rd8 44. Kg4 d3 45. Re5+ Kd4 46. Rb2
Kc3 47. Rf2 d2 48. Rc5+ Kd3 49. Rxd2+ Kxd2 50. Rxc1 Kxc1 51. h5 Kd2 52. Kg5 Ke3
53. Kf6 Kf3 54. Kxe6 Kg4 55. f5 Kxh5 56. g4+ Kg5 57. Kf7 Ra8 58. Kg7 Ra7+ 59.
Kg8 Rxa4 60. Kg7 Ra7+ 61. Kg8 Rb7 0-1

[Event "72. Corus Chess 2010 GM-B"]
[Site "Wijk aan Zee NED"]
[Date "2010.01.26"]
[Round "9.3"]
[White "Naiditsch, Arkadij"]
[Black "Nyback, Tomi"]
[Result "1-0"]
[WhiteElo "2687"]
[BlackElo "2643"]
[PlyCount "79"]
[EventDate "2010.01.16"]
[EventType "tourn"]
[EventRounds "13"]
[EventCountry "NED"]
[EventCategory "16"]
[Source "lmi"]
[SourceDate "2010.01.16"]

1. e4 e5 2. Nf3 Nc6 3. Bb5 f5 4. d3 fxe4 5. dxe4 Nf6 6. O-O d6 7. c4 Be7 8. Nc3
O-O 9. c5 Bg4 10. cxd6 Bxd6 11. Bxc6 bxc6 12. h3 Bh5 13. Qd3 Nd7 14. Qc4+ Kh8
15. Bg5 Qb8 16. Nh4 Qxb2 17. Rab1 Qa3 18. Qxc6 Nb6 19. Nf5 Be8 20. Qb7 Bd7 21.
Rb3 Qa5 22. Nxd6 cxd6 23. Nd5 Ba4 24. Rg3 Nd7 25. Be7 Rab8 26. Qc7 Qxc7 27.
Nxc7 Rfc8 28. Ne6 Re8 29. Bxd6 Rxe6 30. Bxb8 Nxb8 31. Ra3 Bb5 32. Rb3 Rb6 33.
Rfb1 Be8 34. Rxb6 axb6 35. Rxb6 Nc6 36. a4 Kg8 37. Rb5 Nd4 38. Rb8 Kf7 39. a5
Bb5 40. Rb6 1-0

[Event "72. Corus Chess 2010 GM-B"]
[Site "Wijk aan Zee NED"]
[Date "2010.01.26"]
[Round "9.4"]
[White "So, Wesley"]
[Black "Sutovsky, Emil"]
[Result "1/2-1/2"]
[WhiteElo "2656"]
[BlackElo "2657"]
[PlyCount "84"]
[EventDate "2010.01.16"]
[EventType "tourn"]
[EventRounds "13"]
[EventCountry "NED"]
[EventCategory "16"]
[Source "lmi"]
[SourceDate "2010.01.16"]

1. d4 Nf6 2. c4 g6 3. Nc3 d5 4. Bf4 Bg7 5. e3 O-O 6. Rc1 c5 7. dxc5 Be6 8. Nf3
Nc6 9. Be2 dxc4 10. Ng5 Bf5 11. e4 e5 12. Be3 Bd7 13. Bxc4 Ng4 14. Bd2 Nd4 15.
O-O Bh6 16. f4 Nc6 17. h3 Be8 18. Nf3 Nf6 19. fxe5 Bxd2 20. Qxd2 Qxd2 21. Nxd2
Nd7 22. e6 Nxc5 23. exf7+ Bxf7 24. Rxf7 Rxf7 25. Nb5 Rd8 26. Bd5 Nd3 27. Rf1
Nce5 28. Nxa7 Nxb2 29. Rb1 Ned3 30. Nb5 Kg7 31. Bxf7 Kxf7 32. Nf3 Kg7 33. Ng5
Rc8 34. e5 Re8 35. e6 h6 36. Nc7 Re7 37. Nd5 Re8 38. Rf1 Ne5 39. Nc7 Re7 40.
Nf7 Nbc4 41. Rc1 Nxf7 42. Rxc4 Ne5 1/2-1/2

[Event "72. Corus Chess 2010 GM-B"]
[Site "Wijk aan Zee NED"]
[Date "2010.01.26"]
[Round "9.6"]
[White "Negi, Parimarjan"]
[Black "Reinderman, Dimitri"]
[Result "1-0"]
[WhiteElo "2621"]
[BlackElo "2573"]
[PlyCount "79"]
[EventDate "2010.01.16"]
[EventType "tourn"]
[EventRounds "13"]
[EventCountry "NED"]
[EventCategory "16"]
[Source "lmi"]
[SourceDate "2010.01.16"]

1. e4 c5 2. Nf3 d6 3. d4 Nf6 4. Nc3 cxd4 5. Nxd4 g6 6. Be3 Bg7 7. f3 O-O 8. Bc4
Nc6 9. Qd2 Bd7 10. O-O-O Rc8 11. Bb3 Nxd4 12. Bxd4 b5 13. Bxa7 b4 14. Nd5 Nxd5
15. exd5 Qa5 16. Qe3 Bf5 17. Rd2 Ra8 18. Bd4 Bxd4 19. Qxd4 Bd7 20. Re1 Ba4 21.
Rde2 Bxb3 22. axb3 Rfe8 23. Rxe7 Rxe7 24. Rxe7 Qa1+ 25. Kd2 Qf1 26. Re2 Rc8 27.
Qxb4 Qb1 28. c4 Qxb2+ 29. Ke1 Qa1+ 30. Kf2 Qd4+ 31. Kg3 g5 32. Re4 Qf6 33. Qb7
Rf8 34. Qe7 Qg6 35. h3 Rb8 36. c5 dxc5 37. d6 h6 38. Qc7 Rb7 39. d7 Kh7 40.
d8=Q 1-0